Statistics for Portugal Football Team World Cup Starting XI

Click here to take the quiz!

General Stats

  • This quiz has been taken 1,962 times
    (1,274 since last reset)
  • The average score is 26 of 73

Answer Stats

Player% Correct
Cristiano Ronaldo
100%
Pepe
92%
Bernardo Silva
86%
Rui Patrício
85%
Adrien Silva
81%
Bruno Fernandes
80%
Diogo Costa
80%
Rúben Dias
79%
Luís Figo
77%
William Carvalho
75%
Jorge Costa
74%
Ricardo Costa
74%
João Félix
73%
Ricardo Carvalho
73%
Eusébio
67%
Nani
67%
Deco
65%
Raphaël Guerreiro
63%
João Moutinho
58%
Rúben Neves
55%
Tiago
50%
Diogo Dalot
49%
José Fonte
48%
Fábio Coentrão
46%
João Pereira
45%
José Pereira
43%
Pauleta
42%
Ricardo
41%
João Mário
39%
Eder
37%
Bruno Alves
36%
Fernando Gomes
36%
Maniche
35%
Vítor Baía
32%
Cédric
31%
Raul Meireles
31%
Otávio
30%
Gonçalo Guedes
28%
Beto
27%
Beto
27%
Hugo Almeida
27%
Simão
25%
Costinha
23%
Eduardo
23%
Miguel Veloso
19%
João Pinto
17%
Miguel
17%
Nuno Valente
17%
Fernando Couto
16%
António André
15%
Sérgio Conceição
15%
Paulo Bento
12%
Petit
12%
Rui Jorge
11%
António Sousa
10%
Fernando Meira
10%
Mário Coluna
10%
António Oliveira
6%
Augusto Inácio
6%
José Torres
6%
Carlos Manuel
5%
Vítor Damas
5%
António Simões
4%
José Augusto
4%
Diamantino
3%
Hilário
2%
Jaime Pacheco
2%
Vicente Lucas
2%
Alberto Festa
1%
Alexandre Baptista
1%
Álvaro
1%
Frederico
1%
Jaime Graça
1%

Score Distribution

Percentile by Number Answered

Percent of People with Each Score

Your Score History

You have not taken this quiz since the last reset